| 000 | 01120cam a2200313 a 4500 | ||
|---|---|---|---|
| 001 | 1076282 | ||
| 003 | ARRUPE | ||
| 005 | 20130918112858.0 | ||
| 008 | 920414s1992 ne b 001 0 eng | ||
| 010 | _a 91031385 | ||
| 020 | _a0792314158 (alk. paper) | ||
| 035 | _a(OCoLC)24285666 | ||
| 035 | _a(OCoLC)ocm24285666 | ||
| 035 | _a(CStRLIN)NYCG92-B25716 | ||
| 035 | _a(NNC)1076282 | ||
| 040 |
_aDLC _cDLC _dRPB |
||
| 050 | 0 | 0 |
_aB1489 _b.B73 1992 |
| 082 | 0 | 0 |
_a128 _220 |
| 100 | 1 |
_aBrand, Walter. _9450 |
|
| 245 | 1 | 0 |
_aHume's theory of moral judgment : _ba study in the unity of A treatise of human nature / _cWalter Brand. |
| 260 |
_aDordrecht ; _aBoston : _bKluwer Academic Publishers, _c1992. |
||
| 300 |
_axi, 164 p. ; _c25 cm. |
||
| 490 | 1 |
_aInternational archives of the history of ideas = _aArchives internationales d'histoire des idées ; _v131 |
|
| 504 | _aIncludes bibliographical references and index. | ||
| 600 | 1 | 0 |
_aHume, David, _d1711-1776. _tTreatise of human nature. _9451 |
| 830 | 0 |
_aArchives internationales d'histoire des idées ; _v131. _9452 |
|
| 942 |
_2lcc _cMONOGRAPH |
||
| 999 |
_c117853 _d117853 |
||